| 000 | 00890nam a2200325 i 4500 | ||
|---|---|---|---|
| 001 | 00056016 | ||
| 003 | DO-SdBNP | ||
| 005 | 20180205150636.0 | ||
| 007 | 00056016 | ||
| 008 | 891019s1989 sp spa | ||
| 015 | _a | ||
| 016 | 7 |
_a _z _2BPMSU |
|
| 017 |
_aB 20114-1988 _bOficina Depósito Legal Barcelona |
||
| 020 | _a8433923145 | ||
| 035 | _a | ||
| 040 |
_aBPMSU _bspa _cBPMSU _e |
||
| 080 | 0 | _a | |
| 100 | 1 |
_aSharpe, Tom, _d1928-2013 _4 |
|
| 245 | 1 | 4 |
_aLas Tribulaciones de Wilt / _cTom Sharpe ; traducción de Marisol de Mora. _h |
| 250 | _a | ||
| 260 | 1 |
_aBarcelona : _bCírculo de lectores, _c1989. |
|
| 300 |
_a302 p. _c20 cm |
||
| 490 | 1 | _aCírculo de lectores | |
| 500 | _a | ||
| 500 | _a | ||
| 700 | 1 | 2 |
_aMora Charles, Maríasol de, _etr. |
| 830 | 0 | _aCírculo de lectores | |
| 942 |
_2ddc _cBK |
||
| 956 |
_aVMATEO _210 _320160406 _6BPMEU _80069 |
||
| 999 |
_c9592 _d9592 |
||